The sum of us : (Record no. 590753)

000 -LEADER
fixed length control field 03469cam a22004338i 4500
001 - CONTROL NUMBER
control field 21788374
003 - CONTROL NUMBER IDENTIFIER
control field NUST
005 - DATE AND TIME OF LATEST TRANSACTION
control field 20220828161137.0
006 - FIXED-LENGTH DATA ELEMENTS--ADDITIONAL MATERIAL CHARACTERISTICS
fixed length control field m |o d |
007 - PHYSICAL DESCRIPTION FIXED FIELD--GENERAL INFORMATION
fixed length control field cr |||||||||||
008 - FIXED-LENGTH DATA ELEMENTS--GENERAL INFORMATION
fixed length control field 201017s2021 nyu o 001 0 eng
010 ## - LIBRARY OF CONGRESS CONTROL NUMBER
LC control number 2020044568
020 ## - INTERNATIONAL STANDARD BOOK NUMBER
International Standard Book Number 9780525509578
Qualifying information (ebook)
020 ## - INTERNATIONAL STANDARD BOOK NUMBER
Canceled/invalid ISBN 9780525509561
Qualifying information (hardcover)
038 ## - RECORD CONTENT LICENSOR
Staff Name Azhar
040 ## - CATALOGING SOURCE
Original cataloging agency DLC
Language of cataloging eng
Transcribing agency DLC
Description conventions rda
042 ## - AUTHENTICATION CODE
Authentication code pcc
043 ## - GEOGRAPHIC AREA CODE
Geographic area code n-us---
050 00 - LIBRARY OF CONGRESS CALL NUMBER
Classification number E185.8
082 00 - DEWEY DECIMAL CLASSIFICATION NUMBER
Classification number 305.800073
Edition number 23
Author Mark MCG
100 1# - MAIN ENTRY--PERSONAL NAME
Personal name McGhee, Heather C.,
Relator term author.
9 (RLIN) 96313
245 14 - TITLE STATEMENT
Title The sum of us :
Remainder of title what racism costs everyone and how we can prosper together
Statement of responsibility, etc. Heather C. McGhee.
250 ## - EDITION STATEMENT
Edition statement First edition.
260 ## - PUBLICATION, DISTRIBUTION, ETC.
Place of publication, distribution, etc. New York :
Name of publisher, distributor, etc. One World,
Date of publication, distribution, etc. 2021
300 ## - PHYSICAL DESCRIPTION
Extent 415p
336 ## - CONTENT TYPE
Content type term text
Content type code txt
Source rdacontent
337 ## - MEDIA TYPE
Media type term computer
Media type code c
Source rdamedia
338 ## - CARRIER TYPE
Carrier type term online resource
Carrier type code cr
Source rdacarrier
500 ## - GENERAL NOTE
General note Includes index.
505 0# - FORMATTED CONTENTS NOTE
Formatted contents note An old story : the zero-sum hierarchy -- Racism starves the public -- Going without -- Ignoring the canary -- Working class solitary lost -- Never a real democracy -- Living apart -- The same sky -- The hidden wound -- The solitary dividend.
520 ## - SUMMARY, ETC.
Summary, etc. "Heather C. McGhee's specialty is the American economy--and the mystery of why it so often fails the American public. As she dug into subject after subject, from the financial crisis to declining wages to collapsing public infrastructure, she found a common problem at the bottom of them all: racism--but not just in the obvious ways that hurt people of color. Racism has costs for white people, too. It's the common denominator in our most vexing public problems, even beyond our economy. It is at the core of the dysfunction of our democracy and even the spiritual and moral crises that grip us. Racism is a toxin in the American body and it weakens us all. But how did this happen? And is there a way out? To find the way, McGhee embarks on a deeply personal journey across the country from Mississippi to Maine, tallying up what we lose when we buy into the zero-sum paradigm--the idea that progress for some of us must come at the expense of others. Along the way, she collects the stories of white people who confide in her about losing their homes, their dreams and their shot at a better job to the toxic mix of American racism and greed. This is the story of how public goods in this country--from parks and pools to functioning schools--have become private luxuries; of how unions collapsed, wages stagnated, and inequality increased; and of how this country, unique among the world's advanced economies, has thwarted universal healthcare. It's why we fail to prevent environmental and public health crises that require collective action. But in unlikely places of worship and work, McGhee also finds proof of what she calls the Solidarity Dividend: gains that come when people come together across race, to the benefit of all involved"--
Assigning source Provided by publisher.
588 ## - SOURCE OF DESCRIPTION NOTE
Source of description note Description based on print version record and CIP data provided by publisher; resource not viewed.
650 #0 - SUBJECT ADDED ENTRY--TOPICAL TERM
Topical term or geographic name entry element Racism
Geographic subdivision United States.
9 (RLIN) 96314
651 #0 - SUBJECT ADDED ENTRY--GEOGRAPHIC NAME
Geographic name United States
General subdivision Race relations
-- Economic aspects.
9 (RLIN) 96315
776 08 - ADDITIONAL PHYSICAL FORM ENTRY
Relationship information Print version:
Main entry heading McGhee, Heather C..
Title The sum of us
Edition First edition.
Place, publisher, and date of publication New York : One World, [2021]
International Standard Book Number 9780525509561
Record control number (DLC) 2020044567
906 ## - LOCAL DATA ELEMENT F, LDF (RLIN)
a 7
b cbc
c orignew
d 1
e ecip
f 20
g y-gencatlg
942 ## - ADDED ENTRY ELEMENTS (KOHA)
Source of classification or shelving scheme
Koha item type Lincoln Corner
Holdings
Withdrawn status Lost status Source of classification or shelving scheme Damaged status Not for loan Permanent Location Current Location Shelving location Date acquired Full call number Barcode Date last seen Price effective from Koha item type
          Central Library (CL) Central Library (CL) Lincoln Corner 08/02/2022 305.800073 MCG LC-47 08/02/2022 08/02/2022 Reference
© 2023 Central Library, National University of Sciences and Technology. All Rights Reserved.